The race for bandwidth : understanding data transmission (Record no. 8292)

000 -LEADER
fixed length control field 00606 a2200193 4500
020 ## - INTERNATIONAL STANDARD BOOK NUMBER
International Standard Book Number 157231513X
040 ## - CATALOGING SOURCE
Original cataloging agency DLC
Language of cataloging DLC
082 00 - DEWEY DECIMAL CLASSIFICATION NUMBER
Classification number 621.382/16
100 1# - MAIN ENTRY--PERSONAL NAME
Personal name Lu, Cary,
245 14 - TITLE STATEMENT
Title The race for bandwidth : understanding data transmission
Statement of responsibility, etc. Cary Lu.
260 ## - PUBLICATION, DISTRIBUTION, ETC.
Place of publication, distribution, etc. Redmond, Wash. :
Name of publisher, distributor, etc. Microsoft Press,
Date of publication, distribution, etc. c1998.
300 ## - PHYSICAL DESCRIPTION
Extent xvii, 199 p. :
Other physical details ill., map ;
Dimensions 23 cm.
440 #0 - SERIES STATEMENT/ADDED ENTRY--TITLE
Title Strategic technology series
500 ## - GENERAL NOTE
General note Includes index.
650 #0 - SUBJECT ADDED ENTRY--TOPICAL TERM
Topical term or geographic name entry element Signal theory (Telecommunication)
650 #0 - SUBJECT ADDED ENTRY--TOPICAL TERM
Topical term or geographic name entry element Broadband communication systems.
650 #0 - SUBJECT ADDED ENTRY--TOPICAL TERM
Topical term or geographic name entry element Digital communications.
942 ## - ADDED ENTRY ELEMENTS (KOHA)
Koha item type Book
Call number prefix 621.38216 LU
Source of classification or shelving scheme
Holdings
Withdrawn status Lost status Damaged status Not for loan Collection code Permanent Location Current Location Shelving location Date acquired Source of acquisition Cost, normal purchase price Total Checkouts Full call number Barcode Date last seen Price effective from Koha item type Date last checked out
          Central Library (CL) Central Library (CL) General Stacks 07/21/2001 Pak American 500.00   621.38216 LU SEECS001089 11/14/2012 01/05/2017 Book  
          Central Library (CL) Central Library (CL) General Stacks 07/21/2001 Pak American 500.00 1 621.38216 LU SEECS001088 12/11/2019 01/05/2017 Book 09/24/2019
© 2023 Central Library, National University of Sciences and Technology. All Rights Reserved.